Основы производства электроэнергии и теплоты: учебное пособие

Dades bibliogràfiques
Autor principal: Башкова М. Н.
Autor corporatiu: Национальный исследовательский Томский политехнический университет (ТПУ)
Altres autors: Лубяной Д. А., Лубяная С. В.
Sumari:Заглавие с титульного экрана
В пособии обобщены данные по первичным и вторичным источникам теплоты, приведены основные методы производства тепловой энергии, описаны основные устройства электрических станций - котельные и паротурбинные установки, рассмотрены вопросы устройства всех основных электрических станций, приведены основные тенденции рационального использования энергии. Предназначено для студентов, обучающихся по специальности 140100 "Тепловые электрические станции".
Режим доступа: из корпоративной сети ТПУ
Idioma:rus
Publicat: Томск, Изд-во ТПУ, 2011
Matèries:
Accés en línia:http://www.lib.tpu.ru/fulltext2/m/2012/m274.pdf
Format: MixedMaterials Electrònic Llibre
KOHA link:https://koha.lib.tpu.ru/cgi-bin/koha/opac-detail.pl?biblionumber=217212

MARC

LEADER 00000nam0a2200000 4500
001 217212
005 20260422143417.0
035 |a (RuTPU)RU\TPU\book\237203 
090 |a 217212 
100 |a 20120601d2011 k y0rusy50 ca 
101 0 |a rus 
102 |a RU 
135 |a drcn ---uucaa 
181 0 |a i  
182 0 |a b 
200 1 |a Основы производства электроэнергии и теплоты  |e учебное пособие  |f М. Н. Башкова, Д. А. Лубяной, С. В. Лубяная  |g Национальный исследовательский Томский политехнический университет (ТПУ) 
203 |a Текст  |c электронный 
210 |a Томск  |c Изд-во ТПУ  |d 2011 
300 |a Заглавие с титульного экрана 
330 |a В пособии обобщены данные по первичным и вторичным источникам теплоты, приведены основные методы производства тепловой энергии, описаны основные устройства электрических станций - котельные и паротурбинные установки, рассмотрены вопросы устройства всех основных электрических станций, приведены основные тенденции рационального использования энергии. Предназначено для студентов, обучающихся по специальности 140100 "Тепловые электрические станции". 
333 |a Режим доступа: из корпоративной сети ТПУ 
337 |a Adobe Reader 
606 1 |a Теплоэнергетика  |x Производство  |2 stltpush  |3 (RuTPU)RU\TPU\subj\59826  |9 77323 
610 1 |a тепловая энергия 
610 1 |a источники теплоты 
610 1 |a электрические станции 
610 1 |a энергия 
610 1 |a котельные установки 
610 1 |a паротурбинные установки 
610 1 |a учебные пособия 
610 1 |a труды учёных ТПУ 
610 1 |a электронный ресурс 
675 |a 621.1.002(075.8)  |v 3 
700 1 |a Башкова  |b М. Н. 
701 1 |a Лубяной  |b Д. А. 
701 1 |a Лубяная  |b С. В. 
712 0 2 |a Национальный исследовательский Томский политехнический университет (ТПУ)  |c (2009- )  |3 (RuTPU)RU\TPU\col\15902 
801 1 |a RU  |b 63413507  |c 20120601 
801 2 |a RU  |b 63413507  |c 20130312  |g RCR 
856 4 |u http://www.lib.tpu.ru/fulltext2/m/2012/m274.pdf 
942 |c CF